000 00358nam a2200145Ia 4500
005 20250508041753.0
008 240331s9999 xx 000 0 und d
082 _bKAI
_a891
100 _aKailasanathan,A
245 0 _aSiddukkurivikalum vanampadiyum
260 _aColombo
_bGovernment Thodar maadi
_c2001
300 _a96 p .,
650 _aNovel
942 _cL
999 _c4297
_d4297